[Event "Wch U16 Girls"]
[Site "Kemer"]
[Date "2007.11.19"]
[Round "2"]
[White "Adam, Andrea"]
[Black "Dobrzenski, Jessica"]
[Result "0-1"]
[WhiteElo "1918"]
[BlackElo "1945"]
[PlyCount "120"]
[EventDate "2007.11.18"]
[EventType "swiss"]
[EventRounds "11"]
[EventCountry "TUR"]
[SourceTitle "CBM 121 Extra"]
[Source "ChessBase"]
[SourceDate "2008.01.10"]
[SourceVersion "1"]
[SourceVersionDate "2008.01.10"]
[SourceQuality "1"]

1. e4 e5 2. Nf3 Nc6 3. Bb5 a6 4. Ba4 Nf6 5. 0-0 Be7 6. Re1 b5 7. Bb3 d6 8. c3 0-0 9. h3 Na5 10. Bc2 c5 11. d4 Qc7 12. Nbd2 Bd7 13. Nf1 Rac8 14. Bb1 h6 15. Ne3 Rfe8 16. Nd5 Nxd5 17. exd5 cxd4 18. cxd4 exd4 19. Qd3 f5 20. Nxd4 Bf6 21. Be3 Re4 22. f3 Re5 23. Ne6 Bxe6 24. dxe6 Qe7 25. Bc2 Qxe6 26. Bd2 Nc4 27. Bc3 Re3 28. Qxf5 Qxf5 29. Bxf5 Rxe1+ 30. Rxe1 Bxc3 31. bxc3 Rc7 32. f4 Kf8 33. Bg6 Re7 34. Rb1 Re3 35. Kf2 Re6 36. f5 Re5 37. a4 Nd2 38. Rd1 Ne4+ 39. Kf3 bxa4 40. Kf4 a3 41. Ra1 Nxc3 42. Rxa3 Nd5+ 43. Kf3 Nc7 44. Rc3 Rc5 45. Rb3 Nb5 46. Re3 Rc8 47. Ke4 a5 48. Rb3 Rc5 49. Kd3 Ke7 50. Rb1 a4 51. Re1+ Re5 52. Ra1 a3 53. Kc4 Rc5+ 54. Kb4 Nd4 55. Re1+ Kf6 56. Re8 a2 57. Ra8 a1Q 58. Rxa1 Nc2+ 59. Kb3 Nxa1+ 60. Kb2 Nc2 0-1

[Event "ROM-chT U20 Girls"]
[Site "Mangalia"]
[Date "2007.08.28"]
[Round "3.1"]
[White "Adam, Andrea"]
[Black "Uta, Adeline Ramona"]
[Result "0-1"]
[WhiteElo "1895"]
[BlackElo "2041"]
[PlyCount "52"]
[EventDate "2007.08.26"]
[EventType "tourn"]
[EventRounds "4"]
[EventCountry "ROU"]
[SourceTitle "EXT 2010"]
[Source "ChessBase"]
[SourceDate "2010.11.25"]
[SourceVersion "1"]
[SourceVersionDate "2010.11.25"]
[SourceQuality "1"]

1. e4 c5 2. Nf3 Nc6 3. d4 cxd4 4. Nxd4 Nf6 5. Nc3 g6 6. Be3 Bg7 7. f3 0-0 8. Qd2 d5 9. 0-0-0 dxe4 10. Nxe4 Nxe4 11. fxe4 Qc7 12. Nxc6 Qxc6 13. Qd5 Qa4 14. Qc4 Qa5 15. Bd2 Qe5 16. Bc3 Qf4+ 17. Bd2 Qf2 18. Qe2 Qb6 19. e5 Be6 20. Kb1 Rac8 21. Bf4 Bf5 22. Rc1 Rxc2 23. Rxc2 Rc8 24. g3 Rxc2 25. Qxc2 Bxc2+ 26. Kxc2 Qc6+ 0-1